| Поле | Инд. | ПП | Название | Значение |
|---|---|---|---|---|
| Тип записи | a | |||
| Библиографический уровень | m | |||
| 001 | Контрольный номер | 494c9b60-6dbf-4fc1-bdbf-687411965f21 | ||
| 005 | Дата корректировки | 20140703171500.3 | ||
| 008 | Кодируемые данные | 080901 | ||
| 020 | a | ISBN | 978-5-8291-0820-5 | |
| c | Цена, тираж | 140.00 | ||
| 040 | a | Служба первич. каталог. | НБ ТвГУ | |
| 041 | a | Код языка текста | rus | |
| 080 | a | Индекс УДК | 37.048.45(075.8) | |
| a | Индекс УДК | 159.9:331.548(075.8) | ||
| 084 | a | Индекс другой классификации/Индекс ББК | Ч420.052.6я73-1 | |
| a | Индекс другой классификации/Индекс ББК | Ю941.19я73-1 | ||
| 090 | x | Авторский знак | В67 | |
| a | Полочн. индекс | Ч420.0 | ||
| 100 | 1_ | a | Автор | Волков Борис Степанович |
| 245 | 10 | a | Заглавие | Основы профессиональной ориентации |
| b | Продолж. заглавия | учебное пособие для вузов | ||
| c | Ответственность | Б. С. Волков ; Моск. регион. ин-т высш. соц.-экон. образования | ||
| 260 | 0_ | a | Место издания | Москва |
| c | Дата издания | 2007 | ||
| b | Издательство | Академический Проект | ||
| 300 | a | Объем | 331, [1] с. | |
| b | Иллюстрации/ тип воспроизводства | ил., табл. | ||
| 440 | a | Серия | Gaudeamus | |
| 504 | a | Библиография | Библиогр.: с. 327-330. | |
| 583 | a | Действие | Получение впервые 179 06.08.2008 | |
| k | Исполнитель действия | ООО "Академический Проект" | ||
| 650 | a | Основная рубрика | Учащиеся | |
| x | Основная подрубрика | Профессиональная ориентация | ||
| x | Основная подрубрика | Учебники для вузов | ||
| 650 | a | Основная рубрика | Педагогика школы | |
| 650 | a | Основная рубрика | Профессии | |
| x | Основная подрубрика | Психология | ||
| 653 | a | Ключевые слова | Выбор профессии | |
| a | Ключевые слова | Педагогика школы | ||
| a | Ключевые слова | Профессиональная ориентация учащихся | ||
| a | Ключевые слова | Психология профессий | ||
| 852 | t | Порядковый номер экземпляра | 1 | |
| p | Инвентарный номер | 916275 | ||
| 852 | t | Порядковый номер экземпляра | 1 | |
| p | Инвентарный номер | 916276 | ||
| 852 | t | Порядковый номер экземпляра | 1 | |
| p | Инвентарный номер | 916277 | ||
| 863 | t | 00234690 | ||
| 863 | t | 00234691 | ||
| 863 | t | 00234692 | ||
| 888 | a | За счет средств университета | ||
| 930 | a | Новая/Ретро | учебники | |
| 952 | p | 179.2008 140.00 1 916275 | ||
| p | 179.2008 140.00 1 916276 | |||
| p | 179.2008 140.00 1 916277 | |||
| c | Вид литературы | К ру | ||
| 954 | a | Дата поступления на обработку | 20081127 | |
| 999 | a | Подразделение 2 | ч.з. | |
| a | Подразделение 2 | аб. | ||
| a | Подразделение 2 | Фил2 |